Rangeland ecology and management / (Record no. 31683)
[ view plain ]
| 000 -LEADER | |
|---|---|
| fixed length control field | 01302pam a2200325 a 4500 |
| 001 - CONTROL NUMBER | |
| control field | 1122945 |
| 005 - DATE AND TIME OF LATEST TRANSACTION | |
| control field | 20230717112236.0 |
| 008 - FIXED-LENGTH DATA ELEMENTS--GENERAL INFORMATION | |
| fixed length control field | 940127s1994 coua b 001 0 eng |
| 010 ## - LIBRARY OF CONGRESS CONTROL NUMBER | |
| LC control number | 94002515 |
| 020 ## - INTERNATIONAL STANDARD BOOK NUMBER | |
| International Standard Book Number | 0813320526 |
| 040 ## - CATALOGING SOURCE | |
| Original cataloging agency | DLC |
| Transcribing agency | DLC |
| Modifying agency | DLC |
| 050 00 - LIBRARY OF CONGRESS CALL NUMBER | |
| Classification number | SF 85 .H39 1994 |
| 082 00 - DEWEY DECIMAL CLASSIFICATION NUMBER | |
| Classification number | 636/.01 |
| Edition number | 20 |
| 100 1# - MAIN ENTRY--PERSONAL NAME | |
| Personal name | Heady, Harold F. |
| 245 10 - TITLE STATEMENT | |
| Title | Rangeland ecology and management / |
| Statement of responsibility, etc. | Harold F. Heady, R. Dennis Child. |
| 246 14 - VARYING FORM OF TITLE | |
| Title proper/short title | Rangeland ecology & management |
| 260 ## - PUBLICATION, DISTRIBUTION, ETC. (IMPRINT) | |
| Place of publication, distribution, etc. | Boulder : |
| Name of publisher, distributor, etc. | Westview Press, |
| Date of publication, distribution, etc. | 1994. |
| 300 ## - PHYSICAL DESCRIPTION | |
| Extent | xvi, 519 p. : |
| Other physical details | ill. ; |
| Dimensions | 24 cm. |
| 500 ## - GENERAL NOTE | |
| General note | Rev. ed. of: Rangeland management. 1975. |
| 504 ## - BIBLIOGRAPHY, ETC. NOTE | |
| Bibliography, etc | Includes bibliographical references and index. |
| 650 #0 - SUBJECT ADDED ENTRY--TOPICAL TERM | |
| Topical term or geographic name as entry element | Range management. |
| 650 #0 - SUBJECT ADDED ENTRY--TOPICAL TERM | |
| Topical term or geographic name as entry element | Range ecology. |
| 700 1# - ADDED ENTRY--PERSONAL NAME | |
| Personal name | Child, R. Dennis |
| Fuller form of name | (Rawson Dennis) |
| 700 1# - ADDED ENTRY--PERSONAL NAME | |
| Personal name | Heady, Harold F. |
| Title of a work | Rangeland management. |
| 856 42 - ELECTRONIC LOCATION AND ACCESS | |
| Materials specified | Publisher description |
| Uniform Resource Identifier | <a href="http://www.loc.gov/catdir/enhancements/fy0832/94002515-d.html">http://www.loc.gov/catdir/enhancements/fy0832/94002515-d.html</a> |
| 856 42 - ELECTRONIC LOCATION AND ACCESS | |
| Materials specified | Contributor biographical information |
| Uniform Resource Identifier | <a href="http://www.loc.gov/catdir/enhancements/fy0832/94002515-b.html">http://www.loc.gov/catdir/enhancements/fy0832/94002515-b.html</a> |
| 906 ## - LOCAL DATA ELEMENT F, LDF (RLIN) | |
| a | 7 |
| b | cbc |
| c | orignew |
| d | 1 |
| e | ocip |
| f | 19 |
| g | y-gencatlg |
| 942 ## - ADDED ENTRY ELEMENTS (KOHA) | |
| Source of classification or shelving scheme | |
| Koha item type | Hard Covered Materials |
| Classification part | SF 85 .H39 1994 |
| Withdrawn status | Lost status | Source of classification or shelving scheme | Damaged status | Not for loan | Home library | Current library | Shelving location | Date acquired | Source of acquisition | Total Checkouts | Full call number | Barcode | Date last seen | Price effective from | Koha item type |
|---|---|---|---|---|---|---|---|---|---|---|---|---|---|---|---|
| MACHAKOS UNIVERSITY LIBRARY | MACHAKOS UNIVERSITY LIBRARY | Open shelf | 17/07/2023 | Donation (falcon books) | SF 85 .H39 1994 | 39439 | 03/07/2023 | 17/07/2023 | Hard Covered Materials |